Statistiques concernant Phases finales de la Ligue des Champions 2021-2022.

Cliquez ici pour prendre le quiz!

Statistiques générales

  • Ce quiz a été pris 752 fois
    (597 depuis la dernière actualisation)
  • Le résultat moyen est 12 sur 16

Statistiques - réponses

Réponse% Correct
Manchester City
99%
Real Madrid
99%
Paris SG
98%
Liverpool
97%
Bayern Munich
97%
Chelsea FC
96%
Juventus
82%
Inter Milan
81%
Atlético de Madrid
78%
Manchester United
76%
SL Benfica
76%
Villarreal CF
67%
Ajax Amsterdam
62%
Lille OSC
52%
Sporting CP
42%
RB Salzbourg
36%

Distribution des résultats

Percentile par nombre de réponses

% des personnes avec chaque résultat

Votre développement - résultats

Vous n’avez pas pris ce quiz depuis la dernière actualisation